| 000 | 00706nam a2200217 a 4500 | ||
|---|---|---|---|
| 001 | BRCA_935 | ||
| 005 | 20190320203218.0 | ||
| 008 | 890909s1987 enka---##b---#001-0#eng-# | ||
| 020 | _a0500235058 | ||
| 040 |
_aDLC _cDLC _dDLC |
||
| 050 | 4 |
_aNK5850 _b.I88 1987 |
|
| 245 | 1 | 0 |
_aIvory _ba history and collector´s guide _ccontributors Michael Vickers ... [et al.]. |
| 260 |
_aLondres _bThames and Hudson _c1987 |
||
| 300 |
_a352 p. _bil. (algunas a color) _c32 cm. |
||
| 500 | _aIncluye índice de ilustraciones | ||
| 504 | _aBibliografía : p. 344-345 | ||
| 650 | 1 | 4 |
_aMarfiles _xHistoria _93084 |
| 650 | 1 | 4 |
_aMarfiles _xColeccionistas y colecciones _93085 |
| 700 | 1 |
_aVickers, Michael J _93086 |
|
| 942 |
_2lcc _cB |
||
| 999 |
_c824 _d824 |
||